000 00243nam a2200097Ia 4500
001 714751
005 20250826162911.0
008 250824s9999 xx 000 0 und d
245 0 _aYAĞMUR AKŞAMLARI
_cSELİM İLERİ
260 _bEVEREST YAYINLARI
999 _c714751
_d714751